000
00314nam a22001337a 4500
008
170424b xxu||||| |||| 00| 0 eng d
020
_a
0849339359
041
_a
eng
080
_a
543
100
_a
12
101
_a
SHM
245
_a
HANDBOOK OF BASIC TABLES FOR CHEMICAL ANALYSIS
_c
BRUNO, TH.J
942
_2
udc
_c
BK
999
_c
11712
_d
11712